000 00377pab a2200157 454500
008 180718b2010 xxu||||| |||| 00| 0 eng d
100 _aPuri, Harish K.
245 _aExploring the amazing popularity of Shaheed Bhagat Singh
260 _c2010
300 _ap.23-30.
362 _a1 May
650 _aSingh, Bhagat
773 _aMainstream
908 _aN
909 _a86707
999 _c86707
_d86707